Normal view MARC view
  • Cinematografía

Entry Materia

Number of records used in: 56

001 - NÚMERO DE CONTROL DEL REGISTRO

  • campo de control: 8623

003 - IDENTIFICADOR DE NUMERO DE CONTROL

  • campo de control: MX-MxUPN

005 - FECHA Y HORA DE LA ÚLTIMA TRANSACCIÓN

  • campo de control: 20250619152533.0

008 - DATOS DE LONGITUD FIJA

  • campo de control de longitud fija: 230517n| fcnnnbabn | ana |d

035 ## - NÚMERO DE CONTROL DEL SISTEMA

  • Número de control del sistema: UPN10000008629

040 ## - FUENTE DE LA CATALOGACIÓN

  • Centro catalogador de origen: MX-MxUPN
  • Lengua de catalogación: spa

053 #4 - NÚMERO CLASIFICADOR - BIBLIOTECA DEL CONGRESO (LC)

  • Elemento numérico de la clasificación - Número único o no. inicial del rango: PN1993.5 M6

150 ## - ENCABEZAMIENTO - TEMÁTICO

  • Término de materia o nombre geográfico como elemento inicial: Cinematografía
  • Subdivisión geográfica: México
  • Subdivisión de materia general: Historia

670 ## - FUENTE EN LA QUE SE LOCALIZARON DATOS

  • Cita de la fuente: Escamilla González, G. Lista de encabezamientos de materia, 1978:
  • Información localizada: página 166 (Cinematografía -- México -- Historia)

902 ## - CATALOGADOR

  • Catalogador: BDV/151100
  • Catalogador: VíctorGodínez/170523